000 00818nam a2200265Ia 4500
005 20220316235712.0
008 121119s1990 ck gr 000 j spa
020 _a9580469067
041 0 _aspa
100 1 _aEcheverría, Esteban
_d1805-1851
245 1 3 _aEl matadero
_cEsteban Echeverría
250 _aSegunda edición
300 _a26, 57 páginas
_c21 cm
501 _aCon : A propósito de Esteban Echeverría y su obra
650 1 4 _aEl matadero
_xHistoria y crítica
_2LEMB
650 1 4 _aPolítica en la literatura
_2LEMB
650 1 4 _aCuentos argentinos
_2LEMB
942 _2loc
_cBK
264 _aBogota
_bNorma
_c1990
336 _atexto
_btxt
_2rdacontent
337 _asin mediación
_bn
_2rdamedia
338 _avolumen
_bnc
_2rdacarrier
040 _aCO-BoRNBP
_bspa
_erda
_cCO-BoRNBP
084 _aC ECH1
999 _c1877
_d1877